High resolution chromatography : A practical approach
Bewaard in:
| Formaat: | Boek |
|---|---|
| Taal: | Undetermined |
| Gepubliceerd in: |
Oxford
Oxford University Press
1999
|
| Onderwerpen: | |
| Tags: |
Voeg label toe
Geen labels, Wees de eerste die dit record labelt!
|
| Thư viện lưu trữ: | Trung tâm Học liệu Trường Đại học Cần Thơ |
|---|
| LEADER | 00530nam a2200181Ia 4500 | ||
|---|---|---|---|
| 001 | CTU_191995 | ||
| 008 | 210402s9999 xx 000 0 und d | ||
| 082 | |a 547.75046 | ||
| 082 | |b H638 | ||
| 245 | 0 | |a High resolution chromatography : | |
| 245 | 2 | |b A practical approach | |
| 245 | 0 | |c edited by Paul Millner | |
| 260 | |a Oxford | ||
| 260 | |b Oxford University Press | ||
| 260 | |c 1999 | ||
| 650 | |a Affinity chromatography,Sắc ký ái lực | ||
| 904 | |i Trúc | ||
| 980 | |a Trung tâm Học liệu Trường Đại học Cần Thơ | ||